Countries That Have Changed Their Name - Statistics

General Stats
  • This quiz has been taken 28 times
  • The average score is 14 of 18
Answer Stats
Hint Answer % Correct
1935 Persia Iran
100%
1997 Zaire DR Congo
88%
1972 Ceylon Sri Lanka
88%
1945 Dutch East Indies Indonesia
84%
1989 Burma Myanmar
84%
1971 East Pakistan Bangladesh
80%
1939 Siam Thailand
80%
1980 Rhodesia Zimbabwe
80%
1973 British Honduras Belize
76%
1957 Gold Coast Ghana
76%
1941 Abyssinia Ethiopia
72%
1966 Basutoland Lesotho
72%
1990 South West Africa Namibia
72%
1949 Formosa Taiwan
68%
1966 Bechuanaland Botswana
64%
1975 Dahomey Benin
60%
1984 Upper Volta Burkina Faso
56%
1964 Nyasaland Malawi
56%
No matching quizzes found
Score Distribution
Percent of People with Each Score
Percentile by Number Answered
Your Score History
You have not taken this quiz